| 000 | 00509nam a22001697a 4500 | ||
|---|---|---|---|
| 001 | BD-DhSAU 6543 | ||
| 003 | BD-DhSAU | ||
| 005 | 20150509180115.0 | ||
| 008 | 890815s1961 ja a 000 0 eng | ||
| 040 | _aBD-DhSAU | ||
| 082 |
_222 _a630.952 _bAGR |
||
| 245 | 0 | 0 |
_aAgriculture at the crossroads : _bwhat are Japanese farmers thinking of tomorrow?. / |
| 260 |
_aTokyo : _bJapan FAO Association , _c1961. |
||
| 300 |
_a82 p. : _bill. ; _c22 cm. |
||
| 590 | _aIMRAN | ||
| 710 | 2 | _aKokusai Shokuryō Nōgyō Kyōkai. | |
| 942 |
_2ddc _cBOOK |
||
| 999 |
_c6543 _d6543 |
||